| 000 | 00676nam a2200157 a 4500 | ||
|---|---|---|---|
| 008 | 091130s1986 xx |||||||||||||| || u | ||
| 050 | _aUNCTAD(02) | ||
| 110 | _aUnited Nations Conference on Trade and Development (UNCTAD) | ||
| 245 | 1 | 0 |
_aInternational trade documentation _cby United Nations Conference on Trade and Development (UNCTAD) |
| 260 |
_a _bUNITED NATIONS _c1986 |
||
| 300 | _av, 20p. | ||
| 350 | _a0.00 | ||
| 650 | _aCOMMERCIAL PRODUCTS --PERIODICALS --BIBLIOGRAPHY | ||
| 650 | _aDOCUMENTATION | ||
| 995 |
_D0.00 _FCBU-MAIN LIBRARY (Kitwe) _H1 _I0.00 _M1 _UAVAILABLE _WNov 30, 2009 _ZInternational Publications |
||
| 999 |
_c47494 _d47494 |
||